| Поле | Инд. | ПП | Название | Значение |
|---|---|---|---|---|
| Тип записи | a | |||
| Библиографический уровень | a | |||
| 001 | Контрольный номер | fedd7acf76d74534b8a1b57d48ccb766 | ||
| 005 | Дата корректировки | 20200427121433.9 | ||
| 100 | a | Данные общей обработки | 20190211 ||| 0rusy0189 ca | |
| 101 | 0_ | a | Язык текста | rus |
| 102 | a | Страна публикации | RU | |
| 200 | 1_ | f | Первые сведения об ответственности | Н.А. Латышева |
| a | Заглавие | Суд в суде | ||
| b | Общее обозначение материала | Текст | ||
| 210 | 1_ | d | Дата издания | 2019 |
| 461 | _0 | 1 | 2000 | |
| a | Российский судья | |||
| 463 | _0 | 1 | 2000 | |
| a | № 1 | |||
| v | С. 37-41 | |||
| 1 | 2101 | |||
| d | 2019 | |||
| 1 | 001d39015e76d754e4e80ca7302374fac1a | |||
| 606 | a | Основная рубрика | Делопроизводство | |
| x | Основная подрубрика | Судебное делопроизводство | ||
| 610 | 0_ | a | Ключевые слова | РГУП |
| 700 | _1 | a | Фамилия | Латышева |
| b | Имя | Н.А. | ||
| 801 | _0 | a | Страна | RU |
| b | Организация | РГУП | ||
| c | Дата составления | 20190211 | ||
| g | Правила каталогизации | PSBO | ||
| 801 | _1 | a | Страна | RU |
| b | Организация | РГУП | ||
| c | Дата составления | 20190211 | ||
| g | Правила каталогизации | PSBO | ||
| 901 | t | Тип документа | b | |
| w | Контрольный № источника | d39015e76d754e4e80ca7302374fac1a | ||
| 905 | a | Дата ввода | 20190211 |